Вып. 43; Из истории авиации и космонавтики

Detalles Bibliográficos
Parent link:Из истории авиации и космонавтики: [сборник]/ Академия наук СССР (АН СССР) ; Советское национальное объединение историков естествознания и техники. Вып. 43.— , 1964-1984
Outros autores: Бирюков Ю. В. (редактор)
Idioma:ruso
Publicado: 1981
Subjects:
Formato: MixedMaterials Libro
KOHA link:https://koha.lib.tpu.ru/cgi-bin/koha/opac-detail.pl?biblionumber=300510

MARC

LEADER 00000nam2a2200000 4500
001 300510
005 20231102001317.0
035 |a (RuTPU)RU\TPU\book\325663 
090 |a 300510 
100 |a 20150710d1982 k y0rusy5003 ca 
101 0 |a rus 
102 |a RU 
105 |a y z 000zy 
200 0 |a Вып. 43  |f под ред. Ю. В. Бирюкова 
210 |d 1981 
215 |d 25 см  |a 150 с. 
461 1 |0 (RuTPU)RU\TPU\book\230046  |t Из истории авиации и космонавтики  |o [сборник]  |f Академия наук СССР (АН СССР) ; Советское национальное объединение историков естествознания и техники  |v Вып. 43  |d 1964-1984 
606 1 |a Авиация СССР  |x История  |2 stltpush  |3 (RuTPU)RU\TPU\subj\525  |9 29424 
606 1 |a Космонавтика  |x История  |2 stltpush  |3 (RuTPU)RU\TPU\subj\15891  |9 42094 
610 1 |a техника 
610 1 |a персоналии 
610 1 |a конструкторы 
610 1 |a ученые 
675 |a 629.73(09)  |z rus  |v 4 
675 |a 629.78(09)  |z rus  |v 4 
702 1 |a Бирюков  |b Ю. В.  |4 340 
801 0 |a RU  |b RuMRKP  |c 19950704  |g psbo 
801 1 |a RU  |b 63413507  |c 20150710 
801 2 |a RU  |b 63413507  |c 20170810  |g RCR 
942 |c BK